<?xml version="1.0" encoding="UTF-8"?>
<collection xmlns="http://www.loc.gov/MARC21/slim">
    <record>
        <controlfield tag="001">75678</controlfield>
        <controlfield tag="005">20190709135621.0</controlfield>
        <datafield tag="024" ind1="7" ind2=" ">
            <subfield code="2">doi</subfield>
            <subfield code="a">10.1088/1361-6501/aa925e</subfield>
        </datafield>
        <datafield tag="024" ind1="8" ind2=" ">
            <subfield code="2">sideral</subfield>
            <subfield code="a">103568</subfield>
        </datafield>
        <datafield tag="037" ind1=" " ind2=" ">
            <subfield code="a">ART-2017-103568</subfield>
        </datafield>
        <datafield tag="041" ind1=" " ind2=" ">
            <subfield code="a">eng</subfield>
        </datafield>
        <datafield tag="100" ind1=" " ind2=" ">
            <subfield code="a">Stiller, M.</subfield>
        </datafield>
        <datafield tag="245" ind1=" " ind2=" ">
            <subfield code="a">Functionalized Akiyama tips for magnetic force microscopy measurements</subfield>
        </datafield>
        <datafield tag="260" ind1=" " ind2=" ">
            <subfield code="c">2017</subfield>
        </datafield>
        <datafield tag="506" ind1="0" ind2=" ">
            <subfield code="a">Access copy available to the general public</subfield>
            <subfield code="f">Unrestricted</subfield>
        </datafield>
        <datafield tag="520" ind1="3" ind2=" ">
            <subfield code="a">In this work we have used focused electron beam induced deposition of cobalt to functionalize atomic force microscopy Akiyama tips for application in magnetic force microscopy. The grown tips have a content of ˜90 % Co after exposure to ambient air. The magnetic tips were characterized using energy dispersive x-ray spectroscopy and scanning electron microscopy. In order to investigate the magnetic properties, current loops were prepared by electron beam lithography. Measurements at room temperature as well as 4.2 K were carried out and the coercive field of ˜6.8 mT of the Co tip was estimated by applying several external fields in the opposite direction of the tip magnetization. Magnetic Akiyama tips open new possibilities for wide-range temperature magnetic force microscopy measurements.</subfield>
        </datafield>
        <datafield tag="536" ind1=" " ind2=" ">
            <subfield code="9">info:eu-repo/grantAgreement/EUR/COST/CM1301</subfield>
            <subfield code="9">info:eu-repo/grantAgreement/ES/MINECO/MAT2014-51982-C2-1-R</subfield>
            <subfield code="9">info:eu-repo/grantAgreement/ES/MINECO/MAT2015-69725-REDT</subfield>
        </datafield>
        <datafield tag="540" ind1=" " ind2=" ">
            <subfield code="9">info:eu-repo/semantics/openAccess</subfield>
            <subfield code="a">All rights reserved</subfield>
            <subfield code="u">http://www.europeana.eu/rights/rr-f/</subfield>
        </datafield>
        <datafield tag="590" ind1=" " ind2=" ">
            <subfield code="a">1.685</subfield>
            <subfield code="b">2017</subfield>
        </datafield>
        <datafield tag="591" ind1=" " ind2=" ">
            <subfield code="a">ENGINEERING, MULTIDISCIPLINARY</subfield>
            <subfield code="b">31 / 86 = 0.36</subfield>
            <subfield code="c">2017</subfield>
            <subfield code="d">Q2</subfield>
            <subfield code="e">T2</subfield>
        </datafield>
        <datafield tag="591" ind1=" " ind2=" ">
            <subfield code="a">INSTRUMENTS &amp; INSTRUMENTATION</subfield>
            <subfield code="b">30 / 61 = 0.492</subfield>
            <subfield code="c">2017</subfield>
            <subfield code="d">Q2</subfield>
            <subfield code="e">T2</subfield>
        </datafield>
        <datafield tag="592" ind1=" " ind2=" ">
            <subfield code="a">0.53</subfield>
            <subfield code="b">2017</subfield>
        </datafield>
        <datafield tag="593" ind1=" " ind2=" ">
            <subfield code="a">Engineering (miscellaneous)</subfield>
            <subfield code="c">2017</subfield>
            <subfield code="d">Q1</subfield>
        </datafield>
        <datafield tag="593" ind1=" " ind2=" ">
            <subfield code="a">Instrumentation</subfield>
            <subfield code="c">2017</subfield>
            <subfield code="d">Q2</subfield>
        </datafield>
        <datafield tag="593" ind1=" " ind2=" ">
            <subfield code="a">Applied Mathematics</subfield>
            <subfield code="c">2017</subfield>
            <subfield code="d">Q3</subfield>
        </datafield>
        <datafield tag="655" ind1=" " ind2="4">
            <subfield code="a">info:eu-repo/semantics/article</subfield>
            <subfield code="v">info:eu-repo/semantics/acceptedVersion</subfield>
        </datafield>
        <datafield tag="700" ind1=" " ind2=" ">
            <subfield code="a">Barzola-Quiquia, J.</subfield>
        </datafield>
        <datafield tag="700" ind1=" " ind2=" ">
            <subfield code="a">Esquinazi, P.D.</subfield>
        </datafield>
        <datafield tag="700" ind1=" " ind2=" ">
            <subfield code="0">(orcid)0000-0002-4123-487X</subfield>
            <subfield code="a">Sangiao, S.</subfield>
            <subfield code="u">Universidad de Zaragoza</subfield>
        </datafield>
        <datafield tag="700" ind1=" " ind2=" ">
            <subfield code="0">(orcid)0000-0001-9566-0738</subfield>
            <subfield code="a">De Teresa, J.M.</subfield>
            <subfield code="u">Universidad de Zaragoza</subfield>
        </datafield>
        <datafield tag="700" ind1=" " ind2=" ">
            <subfield code="a">Meijer, J.</subfield>
        </datafield>
        <datafield tag="700" ind1=" " ind2=" ">
            <subfield code="a">Abel, B.</subfield>
        </datafield>
        <datafield tag="710" ind1="2" ind2=" ">
            <subfield code="1">2003</subfield>
            <subfield code="2">395</subfield>
            <subfield code="a">Universidad de Zaragoza</subfield>
            <subfield code="b">Dpto. Física Materia Condensa.</subfield>
            <subfield code="c">Área Física Materia Condensada</subfield>
        </datafield>
        <datafield tag="773" ind1=" " ind2=" ">
            <subfield code="g">28, 12 (2017), 125401 [7 pp]</subfield>
            <subfield code="p">Meas. sci. technol.</subfield>
            <subfield code="t">MEASUREMENT SCIENCE &amp; TECHNOLOGY</subfield>
            <subfield code="x">0957-0233</subfield>
        </datafield>
        <datafield tag="856" ind1="4" ind2=" ">
            <subfield code="s">614654</subfield>
            <subfield code="u">http://zaguan.unizar.es/record/75678/files/texto_completo.pdf</subfield>
            <subfield code="y">Postprint</subfield>
        </datafield>
        <datafield tag="856" ind1="4" ind2=" ">
            <subfield code="s">119260</subfield>
            <subfield code="u">http://zaguan.unizar.es/record/75678/files/texto_completo.jpg?subformat=icon</subfield>
            <subfield code="x">icon</subfield>
            <subfield code="y">Postprint</subfield>
        </datafield>
        <datafield tag="909" ind1="C" ind2="O">
            <subfield code="o">oai:zaguan.unizar.es:75678</subfield>
            <subfield code="p">articulos</subfield>
            <subfield code="p">driver</subfield>
        </datafield>
        <datafield tag="951" ind1=" " ind2=" ">
            <subfield code="a">2019-07-09-12:27:59</subfield>
        </datafield>
        <datafield tag="980" ind1=" " ind2=" ">
            <subfield code="a">ARTICLE</subfield>
        </datafield>
    </record>

    
</collection>